| 000 | 00776cab a2200265 4500 | ||
|---|---|---|---|
| 001 | WB3326-32 | ||
| 008 | 090401t1997 xxu||||| |||| 00| 0 eng d | ||
| 035 | _a(Sirsi) u79350 | ||
| 041 | _aeng | ||
| 245 | _aSurvey: Argentina | ||
| 260 | _c1997 | ||
| 350 | _a0 | ||
| 490 |
_aFinancial Times _v1 July 1997 (6) |
||
| 520 | _aA survey of Argentina`s economy, international relations, politics, corporate culture, banking and financial infrastructure. Looking at the industries of mining and agriculture. | ||
| 650 | _aAGRICULTURE | ||
| 650 | _aARGENTINA | ||
| 650 | _aCORPORATE CULTURE | ||
| 650 | _aECONOMY | ||
| 650 | _aMINING | ||
| 650 | _aPOLITICS | ||
| 650 | _aSOUTH AMERICA | ||
| 690 | _aOVERSEAS-REST OF THE WORLD | ||
| 942 | _n0 | ||
| 948 | _c01/07/1997 | ||
| 999 |
_c49872 _d49872 |
||